| 000 | 00378nam a2200145Ia 4500 | ||
|---|---|---|---|
| 005 | 20251222154433.0 | ||
| 008 | 251222s9999||||xx |||||||||||||| ||spa|| | ||
| 020 | _a8420610275 | ||
| 082 | _a863.62/U53 | ||
| 100 | _aUnamuno, Miguel de | ||
| 245 | 0 | _aSan Manuel Bueno, mártir. Como se Hace una Novela | |
| 250 | _a1ra.ed. | ||
| 264 | _bAlianza Editorial, S.A. | ||
| 942 | _cLIB | ||
| 999 |
_c36492 _d36492 |
||